|
|
|
|
| LEADER |
00000nam a22000007a 4500 |
| 005 |
20210827115846.0 |
| 007 |
cr|||| |||| |
| 008 |
210827s2020 eu |||||s|||| 00||0 eng d |
| 020 |
|
|
|a 978-92-76-24549-0
|
| 035 |
|
|
|a 34459
|
| 040 |
|
|
|a vLex
|
| 090 |
|
|
|c 12156
|d 12156
|
| 100 |
1 |
|
|a Michie, Rona
|
| 245 |
1 |
0 |
|a Fact-finding study on the transparency requirements implementation of the under the GBER and relevant guidelines
|h [Recurso electrn̤ico] :
|b Final report /
|c Rona Michie, Fiona Wishlade, Carlos Mendez
|
| 256 |
|
|
|a Servicio en ln̕ea
|
| 260 |
|
|
|a Bruselas:
|b European Union Publications Office,
|c 2020
|
| 300 |
|
|
|a 1 recurso electrn̤ico
|
| 500 |
|
|
|a The aims of this study were threefold: to provide an overview of approaches to meeting the State aid transparency requirements ; to assess the effectiveness of different approaches using available data and to identify potential changes to the transparency requirements that might improve levels of compliance.
|
| 506 |
1 |
|
|a Disponible solo en los productos indicados
|d vLex Global
|d vLex Global (Academic Edition, excluding Law Schools)
|d vLex Global (U.S. Academic Edition, Law Schools)
|d vLex Global (U.S. Academic Edition, excluding Law Schools)
|d vLex Global (Academic Edition, Law Schools)
|
| 650 |
0 |
4 |
|a Derecho Pb︢lico y Administrativo
|z Unin̤ Europea
|
| 700 |
|
|
|a Wishlade, Fiona
|
| 700 |
|
|
|a Mendez, Carlos
|
| 740 |
0 |
|
|a vLex Libros (Servicio en ln̕ea)
|
| 856 |
4 |
0 |
|u https://app.vlex.com/#sources/34459
|z Acceso restringido
|
| 942 |
|
|
|c BOOK
|
| 999 |
0 |
|
|a Public and Administrative Law
|